Balanced scorecard - controllingový nástroj merania výkonnosti podniku

Balanced scorecard (BSC) - metóda, ktorá vytvára väzbu v podniku medzi stratégiami, plánmi a operatívnymi činnosťami s dôrazom na meranie výkonu. Aplikácia metódy BSC. Implementácia metódy BSC. Analýza finančnej perspektívy podniku. Analýza zákazníckej perspektívy. Analýza perspektívy interných podn...

Ausführliche Beschreibung

Gespeichert in:
Bibliographische Detailangaben
1. Verfasser: Hrášková, Dagmar
Format: Buchkapitel
Sprache:Slowakisch
Schlagworte:
Tags: Tag hinzufügen
Keine Tags, Fügen Sie das erste Tag hinzu!

MARC

LEADER 00000naa$a2200000$$$4500
001 0107569
005 20231103071811.7
041 0 |a slo 
044 |a SK 
245 1 0 |a Balanced scorecard - controllingový nástroj merania výkonnosti podniku  |c Dagmar Hrášková 
520 |a Balanced scorecard (BSC) - metóda, ktorá vytvára väzbu v podniku medzi stratégiami, plánmi a operatívnymi činnosťami s dôrazom na meranie výkonu. Aplikácia metódy BSC. Implementácia metódy BSC. Analýza finančnej perspektívy podniku. Analýza zákazníckej perspektívy. Analýza perspektívy interných podnikových procesov. Analýza perspektívy učenia sa a rastu. Zvyšovanie konkurencieschopnosti podniku. 
610 2 0 |a výkonnosť 
610 2 0 |a výkony podnikové 
610 2 0 |a riadenie strategické 
610 2 0 |a metódy riadenia 
610 2 0 |a kontroling 
610 2 0 |a financie podnikové 
610 2 0 |a procesy podnikové 
610 2 0 |a manažment 
610 2 0 |a zákazníci 
100 1 |a Hrášková, Dagmar